[Event "Leutersdorf Sparkasse op 15th"]
[Site "Leutersdorf"]
[Date "2011.02.18"]
[Round "1"]
[White "Schulz, Karsten"]
[Black "Guenther, Daniel"]
[Result "1/2-1/2"]
[WhiteElo "2343"]
[BlackElo "1688"]
[PlyCount "81"]
[EventDate "2011.02.18"]
[EventType "swiss"]
[EventRounds "7"]
[EventCountry "GER"]
[SourceTitle "CBM 141 Extra"]
[Source "ChessBase"]
[SourceDate "2011.05.03"]
[SourceVersion "1"]
[SourceVersionDate "2011.05.03"]
[SourceQuality "1"]

1. Nf3 Nf6 2. g3 g6 3. b3 Bg7 4. Bb2 0-0 5. Bg2 d6 6. d4 Nbd7 7. 0-0 c5 8. c4 Rb8 9. Nc3 a6 10. a4 cxd4 11. Nxd4 Nc5 12. Nd5 Nxd5 13. cxd5 Qb6 14. Rb1 Nd7 15. Qd2 Ne5 16. h3 a5 17. Rfc1 e6 18. Nb5 exd5 19. Bd4 Qd8 20. f4 Nc6 21. Bxg7 Kxg7 22. Qxd5 Qb6+ 23. Kh2 Qe3 24. Qf3 Qe7 25. e4 h5 26. Re1 h4 27. g4 g5 28. Rbd1 Rd8 29. Qc3+ Kg8 30. e5 dxe5 31. Rxd8+ Qxd8 32. fxe5 Be6 33. Qe3 Nb4 34. Rf1 Nc2 35. Qe4 Qd2 36. Qf3 Nd4 37. Nxd4 Qxd4 38. Qf6 Qe3 39. Rf3 Qd2 40. Rf2 Qe3 41. Rf3 1/2-1/2